|
|
|
|
| LEADER |
00000nab a2200000uu 4500 |
| 001 |
vtls010886988 |
| 003 |
SK-MaSNL |
| 005 |
20260303135525.0 |
| 008 |
230218|1976 xo |||||||||||||||||slo| |
| 015 |
|
|
|a SNBRB
|
| 035 |
|
|
|a (urnnbn)urn:nbn:sk:snk:ar-003ewp
|
| 035 |
|
|
|a (uuid)502f5b98-b032-4f38-84f3-e6b7237c0f96
|
| 035 |
|
|
|a urn:nbn:sk:snk-ab8hsk
|
| 040 |
|
|
|a SNKBUCL
|b slo
|c SNKBUCL
|e AACR2
|
| 041 |
0 |
|
|a slo
|
| 044 |
|
|
|a xo
|c SK
|
| 100 |
1 |
|
|a Ławniczak, Maciej
|4 aut
|9 943850
|
| 245 |
1 |
0 |
|a VPLYV DIIZOKYANÁTU NA ROZMEROVÚ STÁLOSŤ A PEVNOSŤ V STATICKOM OHYBE TOPOĽOVÉHO A BUKOVÉHO DREVA
|c Maciej Ławniczak
|
| 773 |
0 |
|
|t Drevársky výskum : sborník prác z odboru výskumu dreva
|g Roč. 21, č. 2 (1976), s. 85-100
|
| 954 |
|
|
|a odborná, vedecká literatúra pôvodná (slovenská)
|2 lita
|
| 958 |
|
|
|a OND
|
| 958 |
|
|
|a EUIPO
|
| 958 |
|
|
|a article10
|
| 999 |
|
|
|c 1966367
|d 1968297
|